| 000 | 00960nam a2200325 a 4500 | ||
|---|---|---|---|
| 999 |
_c7527 _d7527 |
||
| 001 | 991047809799706706 | ||
| 003 | OSt | ||
| 005 | 20211210140053.0 | ||
| 008 | 130123s2012 spc|||| |||| 0|0 0bspa| | ||
| 015 |
_aLL2013 _2bnc |
||
| 017 |
_aDL B. 31524-2012 _bBiblioteca de Catalunya |
||
| 020 | _a9788461619153 | ||
| 035 | _a(ES-BaCBU)b54085871-34csuc_network | ||
| 035 | _a(ES-BaCBU).b54085871 | ||
| 035 | _a(ccuc001)b54085871 | ||
| 040 |
_aES-BaBC _bcat _cCDMR |
||
| 043 |
_ae-sp--- _be-spc-- _2catmarc |
||
| 080 | _a929Bayon, Enric | ||
| 080 | _a070:77 | ||
| 100 | 1 | _aBayón, Enric, | |
| 245 | 1 | 0 |
_aSecretos de un paparazzi / _cEnric Bayón |
| 260 |
_a[Barcelona] : _b500mm, _c2012 |
||
| 300 |
_a95 p. : _bil. ; _c24 cm |
||
| 650 | 0 |
_aFotògrafs _xBiografies _2lemac _94305 |
|
| 650 | 7 |
_aRevistes del cor _2lemac |
|
| 907 |
_a.b54085871 _b17-02-21 _c23-01-13 _d23-01-13 _em _fa _g- _hspa _ispc _j0 _k0 |
||
| 908 | _aBC | ||
| 940 | _aBC | ||
| 942 |
_2udc _cMON |
||